000 00331nam a2200145Ia 4500
003 OSt
005 20240102054834.0
008 170524s9999 xx 000 0 und d
020 _a8178295644
040 _cIIMT UNIVERSITY
100 _aSAXENA- SUNIL
245 0 _aHEADLING WRITING
260 _bSAGE PUB. : DELHI
942 _2ddc
_c01
999 _c9119
_d9119